Introduction to biochemical engineering / (Record no. 134003)

MARC details
000 -LEADER
fixed length control field 00774nam a22002537a 4500
003 - CONTROL NUMBER IDENTIFIER
control field dpl
005 - DATE AND TIME OF LATEST TRANSACTION
control field 20180613161717.0
008 - FIXED-LENGTH DATA ELEMENTS--GENERAL INFORMATION
fixed length control field 180613b xxu||||| |||| 00| 0 eng d
010 ## - LIBRARY OF CONGRESS CONTROL NUMBER
LC control number B-192252
020 B# - INTERNATIONAL STANDARD BOOK NUMBER
Terms of availability 00.00
International Standard Book Number 007058379
035 ## - SYSTEM CONTROL NUMBER
System control number B-192252, B-192262
037 ## - SOURCE OF ACQUISITION
Source of stock number/acquisition Cen Lib/Ret
040 ## - CATALOGING SOURCE
Original cataloging agency DPL
Language of cataloging EN
Transcribing agency 0
082 ## - DEWEY DECIMAL CLASSIFICATION NUMBER
Classification number 660.63
Item number RAO
100 ## - MAIN ENTRY--PERSONAL NAME
Personal name Rao, D.G.
9 (RLIN) 39503
245 ## - TITLE STATEMENT
Title Introduction to biochemical engineering /
Statement of responsibility, etc by D.G. Rao
260 ## - PUBLICATION, DISTRIBUTION, ETC. (IMPRINT)
Place of publication, distribution, etc New Delhi
Name of publisher, distributor, etc Tata McGraw Hill Publishing Company
Date of publication, distribution, etc 2006
270 ## - ADDRESS
City Delhi
Address 7 west patel nagar
Postal code 110008
300 ## - PHYSICAL DESCRIPTION
Extent xix, 463p.
Dimensions 25cm(pbk)
500 ## - GENERAL NOTE
General note Includes index
650 ## - SUBJECT ADDED ENTRY--TOPICAL TERM
Topical term or geographic name as entry element Biochemical engineering
9 (RLIN) 33777
650 ## - SUBJECT ADDED ENTRY--TOPICAL TERM
Topical term or geographic name as entry element Fundamentals
9 (RLIN) 107651
942 ## - ADDED ENTRY ELEMENTS (KOHA)
Source of classification or shelving scheme Dewey Decimal Classification
Koha item type English Books
Classification part 660.63
Call number suffix RAO
Holdings
Withdrawn status Lost status Damaged status Not for loan Home library Current library Date acquired Source of acquisition Cost, normal purchase price Total Checkouts Total Renewals Full call number Barcode Date last seen Date checked out Copy number Cost, replacement price Price effective from Koha item type Source of classification or shelving scheme Collection code
        Central Library Central Library 28/07/2015 Cen Lib/Ret 0.00 8 6 660.63 RAO B-192252 22/02/2020 27/01/2020 1 0.00 28/07/2015 English Books    
        Shahdara Branch Shahdara Branch 13/06/2018 BPPD/PUB 0.00     660.63 RAO B-192262 13/06/2018     0.00 13/06/2018 English Books Dewey Decimal Classification Non-fiction

© Delhi Public Library
Hit Counter
free hit counter